| 000 | 00913cam a22002657a 4500 | ||
|---|---|---|---|
| 001 | 15336619 | ||
| 005 | 20161013104438.0 | ||
| 008 | 080619s2009 ne a b 001 0 eng | ||
| 010 | _a2008027081 | ||
| 020 | _a9780750682985 (alk. paper) | ||
| 040 |
_aDLC _cDLC |
||
| 050 | 0 | 0 |
_aTA684 _b.W66 2009 |
| 082 | 0 | 0 |
_a624.1821 _222 _bWON |
| 100 | 1 |
_aWong, Bill. _93188 |
|
| 245 | 1 | 0 |
_aPlastic Analysis and Design of Steel Structures / _cby Bill Wong. |
| 250 | _a1st ed. | ||
| 260 |
_aAmsterdam ; _aBoston : _bButterworth-Heinemann, _cc2009. |
||
| 300 |
_ax, 246 p. : _bill. ; _c24 cm. |
||
| 504 | _aIncludes bibliographical references and index. | ||
| 650 | 0 |
_aBuilding, Iron and steel. _93189 |
|
| 650 | 0 |
_aPlastic analysis (Engineering) _93191 |
|
| 650 | 0 |
_93190 _aStructural design |
|
| 942 |
_2ddc _cBB |
||
| 999 |
_c11194 _d11194 |
||